LIBRARY & INFORMATION CENTRE, KCAET, TAVANUR

ONLINE PUBLIC ACCESS CATALOGUE (OPAC)

Electrical machinery / (Record no. 7342)

MARC details
000 -LEADER
fixed length control field 00380cam a2200157ua 4500
003 - CONTROL NUMBER IDENTIFIER
control field OSt
008 - FIXED-LENGTH DATA ELEMENTS--GENERAL INFORMATION
fixed length control field 241218b |||||||| |||| 00| 0 eng d
020 ## - INTERNATIONAL STANDARD BOOK NUMBER
ISBN 8174091734
082 ## - DEWEY DECIMAL CLASSIFICATION NUMBER
Classification number 621.31042
Item number BIM/EL
100 ## - MAIN ENTRY--AUTHOR NAME
Personal name Bimbhra, P S .
245 ## - TITLE STATEMENT
Title Electrical machinery /
250 ## - EDITION STATEMENT
Edition statement 4 /
260 ## - PUBLICATION, DISTRIBUTION, ETC. (IMPRINT)
Place of publication Delhi :
Name of publisher Khanna publishers ,
Year of publication 1995.
300 ## - PHYSICAL DESCRIPTION
Number of Pages 1031 ; .
942 ## - ADDED ENTRY ELEMENTS (KOHA)
Koha item type Books
Holdings
Withdrawn status Lost status Damaged status Home library Current library Date acquired Full call number Accession Number Koha item type Collection code Shelving location Source of acquisition Cost, normal purchase price
      KAUAET KAUAET 07/04/2012 621.31042 BIM/EL 19083 Books        
      KAUAET KAUAET 07/04/2012 621.31042 BIM/EL 19082 Books        
      KAUAET KAUAET 07/04/2012 621.31042 BIM/EL 19085 Books        
      KAUAET KAUAET 07/04/2012 621.31042 BIM/EL 19081 Books        
      KAUAET KAUAET 07/04/2012 621.31042 BIM/EL 19084 Books        
      KAUAET KAUAET 07/04/2012 621.31042 BIM/EL 19043 Books        
      KAUAET KAUAET 31/03/2012 621.31042 BIM/EL 22647 Books Non-fiction General Stacks Penta Book Distributors, Calicut 280.00
      KAUAET KAUAET 03/09/2018 621.31042 BIM/EL 18869 Books   Scheme    
      KAUAET KAUAET 03/09/2018 621.31042 BIM/EL 18871 Books   Scheme    
      KAUAET KAUAET 06/09/2018 621.31042 BIM/EL 18870 Book Bank scheme for SC students   Scheme    
free website counter